LEADER 01062nam a2200241 i 4500 001 000000169010 003 CaOOAMICUS 005 20080206000000.0 008 080206s1975 it u000 u ita u 013 $a146413 040 $aSeMil$bita 100 1 $aLunardon, Paolo,$c.$0(OLS)http://semarc/name/93089 245 10$aPer Iddio e per la scuola :$bbiografia di Caterina Cittadini /$cPaolo Lunardon. 260 $a[S.l. :$bs.n.],$c1975$e(Curno (Bergamo) :$fUnipress,$g1975) 300 $a169 p., [16] p. di tav. ;$c22 cm. 500 $aContiene : Bibliografia essenziale. - Fondo card. Giovanni Colombo. 600 14$aCittadini, Caterina .$0(OLS)http://semarc/subject/18688 850 $aSeMil 852 $aSeMil$W1$xVenegono$y1$m3GC III 423$j119992$B119992$CSeMilBibl$Z2$F131198 $8B 941 1 $a3 961 $aLascito: Colombo Card. Giovanni 996 $6245$aPer Iddio e per la scuola :$bbiografia di Caterina Cittadini$9(OLS)http://semarc/title/172278 996 $6260$a[S.l. :$bs.n.]$9(OLS)http://semarc/publisher/29751 LEADER 01184nam a2200265 i 4500 001 000000194585 003 CaOOAMICUS 005 20150224000000.0 008 150224s1940 it u000 u ita u 013 $a173244 040 $aSeMil$bita 100 1 $aSticco, Maria,$d<1891-1981>.$0(OLS)http://semarc/name/16161 245 13$aLa poesia religiosa del Risorgimento /$cMaria Sticco. 260 $aMilano :$bVita e Pensiero,$c1940. 300 $aIX, 584 p. ;$c26 cm. 490 0 $aPubblicazioni dell'Università cattolica del Sacro Cuore. Ser. 4, Scienze filologiche ;$v34 500 $aFondo card. Giovanni Colombo. 650 4$aPoesia religiosa italiana - Sec. 19.$0(OLS)http://semarc/subject/31591 830 0$aPubblicazioni dell'Università cattolica del Sacro Cuore. Ser. 4., Scienze filologiche ;$v34.$0(OLS)http://semarc/title/42795 850 $aSeMil 852 $aSeMil$W1$xVenegono$y1$m3GC VII 114$j145156$B145156$CSeMilBibl$Z2$F156675 $8B 941 1 $a3 961 $aLascito: Colombo Card. Giovanni 996 $6245$aLa poesia religiosa del Risorgimento$9(OLS)http://semarc/title/237530 996 $6260$aMilano :$bVita e Pensiero$9(OLS)http://semarc/publisher/29642